Schools and the commonwealth (Record no. 414782)

000 -LEADER
fixed length control field 00388cam a22001217a 4500
008 - FIXED-LENGTH DATA ELEMENTS--GENERAL INFORMATION
fixed length control field 180718b1962 xxu||||| |||| 00| 0 eng d
082 ## - DEWEY DECIMAL CLASSIFICATION NUMBER
Classification number P4x42 Un3c
245 ## - TITLE STATEMENT
Title Schools and the commonwealth
Statement of responsibility, etc. by Ministry of Education
260 ## - PUBLICATION, DISTRIBUTION, ETC.
Place of publication, distribution, etc. London
Name of publisher, distributor, etc. Her Majesty's Stationery Office
Date of publication, distribution, etc. 1962
300 ## - PHYSICAL DESCRIPTION
Extent 45p.
500 ## - GENERAL NOTE
General note Library has Pamphlet No. 40 and No. 42
700 ## - ADDED ENTRY--PERSONAL NAME
Personal name U.K. Ministry of Education
Holdings
Withdrawn status Lost status Damaged status Not for loan Permanent Location Current Location Date acquired Full call number Barcode Date last seen Price effective from Koha item type
        Indian Institute of Public Administration Indian Institute of Public Administration 2009-02-26 P4x42 Un3c 26511 2018-07-21 2018-07-21 Book

Powered by Koha